| 000 | 01137nam a22002657i 4500 | ||
|---|---|---|---|
| 999 |
_c23637 _d23637 |
||
| 003 | AR-CdUCM | ||
| 008 | 260424b20202020 pe||||| |||| 00| 0 spa d | ||
| 020 | _a978-612-47959-4-7 | ||
| 040 |
_aMUNICIPALIDAD PROVINCIAL DEL CUSCO _cBIBLIOTECA MUNICIPAL DEL CUSCO |
||
| 041 | _hspa | ||
| 082 |
_a341.8 _bA59 |
||
| 100 |
_aAndia Chávez, Juan _952697 |
||
| 245 |
_aDeontología Jurídica : _bÉtica y función social de la abogacía jurisprudencia y legislación sobre la función del abogado / |
||
| 260 |
_aLima-Perú: _bEdiciones Arte & Pluma _c2020 |
||
| 300 |
_a314 páginas. : _c24x17 cm. |
||
| 500 | _zPaginas: 307-314 | ||
| 505 | _aImportancia de la deontología jurídica -- Crisis de la deontología -- La costumbre -- La moral -- La Ética -- Abogacía en la edad antigua, Edad media, moderna, contemporánea -- Perfil de abogado -- Abogacía y las corporaciones gremiales -- Crisis de la abogacía | ||
| 650 |
_aÉtica _91337 |
||
| 650 |
_aMoral _94056 |
||
| 650 |
_aMisión _920322 |
||
| 650 |
_aFunción Social _952698 |
||
| 650 |
_aCrisis de la abogacía _952699 |
||
| 942 |
_2ddc _cLIBROS |
||
| 945 |
_apbjr _d24-04-2026 |
||